Normal view
MARC view
Entry Personal Name
001 - CONTROL NUMBER
- control field: 77003
003 - CONTROL NUMBER IDENTIFIER
- control field: dpl
005 - DATE AND TIME OF LATEST TRANSACTION
- control field: 20250124154723.0
008 - FIXED-LENGTH DATA ELEMENTS
- fixed length control field: 250124|| aca||aabn | a|a d
040 ## - CATALOGING SOURCE
- Original cataloging agency: dpl
- Transcribing agency: dpl
100 ## - HEADING--PERSONAL NAME
- Personal name: Bandyopadhyay, Chandrakanta
670 ## - SOURCE DATA FOUND
- Source citation: Work cat.: (dpl)208749: Bandyopadhyay, Chandrakanta, An Insight in to Green Chemistry /, 2019
